[Event "Brasil Copel Telecom SESC 2018"]
[Site "Caioba Matinhos"]
[Date "2018.08.02"]
[Round "3"]
[White "Cruz, William Ferreira Da"]
[Black "Perdomo, Leandro"]
[Result "0-1"]
[WhiteElo "2251"]
[BlackElo "2478"]
[Annotator "TA"]
[PlyCount "84"]
[EventDate "2018.08.01"]
[EventType "swiss"]
[EventCountry "BRA"]
[SourceTitle "playchess.com"]
[Source "ChessBase"]
[SourceQuality "1"]

{[%evp 14,84,64,18,32,34,32,25,64,57,56,8,29,-9,23,-22,-10,-10,-9,-30,-24,-15,0,-27,-9,-9,-16,-101,-55,-53,-61,-84,-11,-27,-22,-116,-28,-125,-134,-174,-174,-151,-118,-113,-133,-152,-184,-172,0,0,0,0,0,0,0,0,0,0,0,-225,0,-172,-189,-176,-177,-448,0,-29996,-29997,-29997,-29998,-29998,-29999]} 1. d4 Nf6 2. c4 g6 3. Nc3 Bg7 4. e4 d6 5. Nf3 O-O 6. h3 a6 7. Be3 {E90: Königsindisch (Klassisches System)} Nbd7 8. Bd3 {LiveBook: 5 Partien} c5 9. d5 {Weiß steht etwas besser.} b5 10. O-O bxc4 11. Bxc4 Nb6 12. Bb3 $146 ({Vorgänger:} 12. Bd3 a5 13. a4 Ba6 14. Bxa6 Rxa6 15. Qd3 {½-½ (44) Aleksandrov,A (2619)-Glek,I (2536) Bad Wiessee 1999}) 12... a5 {[%cal Ba6a5,Ba5a4,Ba4a3][%mdl 32]} 13. e5 Ne8 14. exd6 exd6 15. Bg5 Qc7 16. Re1 Nf6 {[%cal Be8f6,Bf6d7,Bd7e5][%mdl 32]} 17. Nd2 a4 18. Qf3 Nfd7 19. Bc2 $1 Ne5 20. Qe2 (20. Qg3 $11 {hält das Gleichgewicht.}) 20... Ba6 21. Qd1 {[#]} a3 $1 {[%mdl 512]} 22. b3 (22. bxa3 h6) 22... Rae8 (22... f5 $17 23. Nf3 Rfe8) 23. Rc1 $11 f5 $36 {[%mdl 2048] Weiss muss nun ...Sf7 beachten. Schwarz hat gut koordiniertes Spiel.} 24. Bb1 (24. Ndb1 $11) 24... f4 (24... Nf7 $17 25. Nf3 Qb7) 25. f3 {[#]} (25. b4 $11 {bleibt in der Remisbreite.}) 25... Nf7 $1 $17 {[%cal Rf7g5]} 26. Rxe8 Rxe8 27. Nde4 Bxc3 28. Rxc3 {[#] Und weiter mit Sf6+ wäre nett.} Rxe4 $1 {[%mdl 512]} 29. Bxe4 Nxg5 30. b4 Qg7 $2 ({Günstiger ist} 30... Bc4 $19 31. Qb1 Nf7 32. Rxa3 Nxd5) 31. Rxa3 $11 Bc8 32. bxc5 dxc5 (32... Nxe4 33. cxb6 Qb2 34. Ra8) 33. Ra5 Qc3 34. Ra7 $1 Qe3+ 35. Kh1 {[#]} Bxh3 $1 {[%mdl 512]} 36. Qa1 $2 (36. d6 $11 {und Weiss steht sicher.}) (36. gxh3 Nxe4) 36... Bd7 $2 ({Lieber} 36... Nd7 $19 37. gxh3 Nxe4 38. fxe4 Qxe4+ 39. Kh2 Qe2+ 40. Kg1 Qe3+ 41. Kh1 Qxh3+ 42. Kg1 Qe3+ 43. Kf1 Ne5 44. Ra8+ Kf7) 37. Rb7 $2 (37. Qe5 $1 $11 {und Weiss ist OK.} Nxe4 38. fxe4) 37... Nxe4 $19 38. fxe4 f3 {[%cal Bf4f3,Bf3f2][%mdl 32] Droht stark ...f2.} 39. Rb8+ $2 (39. Qf6 fxg2+ 40. Kxg2 Qxe4+ 41. Qf3 Bh3+ 42. Kg3 Qxf3+ 43. Kxf3 Nxd5 44. a4) 39... Kf7 $2 (39... Nc8 $19 40. Qf6 fxg2+ 41. Kxg2 Qxe4+ 42. Kf2 Qxd5) 40. Qh8 $2 {[%mdl 8192]} (40. Rxb6 $11 fxg2+ 41. Kxg2 Qxe4+ 42. Kg1 Qg4+ 43. Kf2 Qf4+ 44. Kg2) 40... Qe1+ {Schwarz setzt Matt.} 41. Kh2 Qh4+ 42. Kg1 f2+ {Precision: Weiß = 38%, Schwarz = 53%.} 0-1

[Event "Brasil Copel Telecom SESC 2018"]
[Site "Caioba Matinhos"]
[Date "2018.08.02"]
[Round "4"]
[White "Supi, Luis Paulo"]
[Black "Carneiro, Vitor Roberto Castr"]
[Result "0-1"]
[WhiteElo "2565"]
[BlackElo "2429"]
[Annotator "TA"]
[PlyCount "108"]
[EventDate "2018.08.01"]
[EventType "swiss"]
[EventCountry "BRA"]
[SourceTitle "playchess.com"]
[Source "ChessBase"]
[SourceQuality "1"]

{[%evp 27,108,20,22,24,27,32,25,33,37,42,45,39,56,52,63,59,327,308,325,312,285,224,233,226,230,218,220,231,302,304,350,213,533,528,543,568,550,549,472,347,420,416,397,93,93,78,91,84,86,-45,-59,-461,-439,-373,-108,-101,-69,-29970,-29971,-6275,0,-29968,-29970,-29958,-6070,-4802,0,-5272,-5264,-5257,-5257,-5257,-5227,-5230,-5227,-5235,-5230,-5206,-5169,-5169,-5169,-4711,-4452]} 1. d4 d5 2. c4 c6 3. Nf3 Nf6 4. e3 g6 5. Nc3 Bg7 6. Bd3 O-O 7. O-O Bg4 8. h3 Bxf3 9. Qxf3 e6 10. Rd1 Nbd7 11. Qe2 Re8 12. Bd2 {D94: Grünfeldindisch (Geschlossenes System)} a6 13. Be1 (13. Rac1 Rc8 14. b3 Qe7 15. Be1 Bf8 16. Qc2 Qd8 17. Bf1 Ba3 18. Rb1 Bd6 19. Rbc1 {½-½ (32) Ma,Q (2629)-Wang,Y (2679) Hangzhou 2018}) 13... Qe7 14. Rac1 Rac8 {LiveBook: 6 Partien} 15. Qc2 dxc4 16. Bxc4 b5 $146 ({Vorgänger:} 16... c5 17. d5 Nb6 18. d6 Qd7 19. Be2 Rc6 {1-0 (50) Dejkalo,S (2435)-Tomaszewski,R (2390) Bytom 1986}) 17. Be2 e5 18. dxe5 Nxe5 19. a4 {[%cal Ra4b5]} Qe6 20. Bf1 Nc4 21. b3 Na5 $2 {[%mdl 8192]} ({Lieber} 21... Nd6 $14) 22. Ne2 $1 $18 {[%cal Re2d4]} bxa4 23. Bxa5 axb3 24. Qd3 Ne4 25. Be1 b2 26. Rb1 Rb8 27. Nd4 Qd5 {Schwarz hofft, mit ...c5 fortzusetzen.} 28. Qxa6 c5 29. Bc4 Qh5 $2 (29... Qa8 {leistet mehr Widerstand.}) 30. Nc6 Ra8 31. Qb7 Ng5 32. Qb3 Ra1 33. Qc2 h6 34. Be2 Qh4 35. f3 $2 (35. Bg4 $18 {ist viel giftiger.}) 35... Nxh3+ $16 36. gxh3 Qg5+ 37. Kf1 {Droht Lf2 und aus.} Qxe3 38. Bf2 (38. Bg3 $1 $16 Rc8 39. Rxb2 Rxd1+ 40. Bxd1 Bxb2 41. Qxb2 Rxc6 42. Qb8+ Kh7 43. Be5) 38... Qe6 $15 39. Nd4 $2 {[%mdl 8192]} ({Jedoch nicht} 39. Bxc5 $2 Qxc6 40. Kg2 Ra5 $19) ({Günstiger ist} 39. h4 $15) 39... Qxh3+ $19 ({Schwächer ist} 39... cxd4 40. Qd3 $19) ({Weniger gut wäre} 39... Bxd4 40. Bxd4 Qxh3+ 41. Kg1 $17) 40. Kg1 {und nun wäre Lf1 stark für Weiss.} Bxd4 $2 (40... cxd4 $19 {bietet bessere Gewinnchancen.} 41. Bf1 Qxf3) 41. Bxd4 $17 {Und weiter mit Lf2 wäre nett.} cxd4 42. Rxb2 $2 {[%mdl 8192]} (42. Rxa1 $15 Qg3+ 43. Kf1) 42... Qg3+ 43. Kf1 Qh3+ (43... Ra5 $19 44. Rb5 Rxb5 45. Bxb5 Qxf3+ 46. Kg1 Re5) 44. Kg1 $1 {[#]} Re5 $1 {[%mdl 512]} 45. Rb5 Qg3+ (45... Rxb5 $142 46. Bxb5 Qg3+ 47. Kf1 Qxf3+ 48. Ke1 Qg3+ 49. Kf1 Qh3+ 50. Ke1 Qh4+ 51. Kf1 Qh1+ 52. Kf2 Rxd1 53. Qe2 Qg1+ 54. Kf3 Re1 55. Qxe1 Qxe1 56. Ba4 g5 57. Bb5 Qe3+ 58. Kg2 g4 59. Bc6 d3 60. Be8 Qxe8 61. Kg3 d2 62. Kh4 d1=Q 63. Kh5 Qe3 64. Kh4 Qh3#) 46. Kf1 $19 {[#]} Qh3+ $2 (46... Rxb5 $1 $19 47. Bxb5 Qxf3+ 48. Ke1 Qg3+ 49. Kf1 Qh3+ 50. Ke1 Qh4+ 51. Kd2 Qg5+ 52. Ke1 Qg1+ 53. Ke2 Qg2+ 54. Ke1 Qxc2 55. Rxa1 Qc3+ 56. Kf2 Qxa1) 47. Ke1 $2 {[%mdl 8192]} (47. Kg1 $11 Rxb5 48. Bxb5 Qg3+ 49. Kf1 Qxf3+ 50. Ke1 Qg3+ 51. Kf1 Qh3+ 52. Ke1 Qh4+ 53. Ke2 Qh2+ 54. Kf3 Qxc2 55. Rxa1) 47... Qh4+ {Schwarz steht klar auf Gewinn.} 48. Kd2 Qg5+ 49. Ke1 Rxd1+ 50. Qxd1 Qg1+ 51. Kd2 {[#]} Qe3+ $1 52. Kc2 Qc3+ 53. Kb1 Rxb5+ 54. Bxb5 Qb4+ {Precision: Weiß = 46%, Schwarz = 46%.} 0-1

[Event "Brasil Copel Telecom SESC 2018"]
[Site "Caioba Matinhos"]
[Date "2018.08.02"]
[Round "4"]
[White "Matsuura, Everaldo"]
[Black "Garcia Palermo, Carlos"]
[Result "0-1"]
[WhiteElo "2497"]
[BlackElo "2390"]
[Annotator "TA"]
[PlyCount "48"]
[EventDate "2018.08.01"]
[EventType "swiss"]
[EventCountry "BRA"]
[SourceTitle "playchess.com"]
[Source "ChessBase"]
[SourceQuality "1"]

{[%evp 27,48,35,16,24,17,22,7,0,0,0,0,-51,-31,-59,-45,-52,-53,-41,-27,-283,-262,-818,-794]} 1. e4 {[%cal Be2e4,Be4e5][%mdl 32]} e6 2. d4 d5 3. Nc3 Nf6 4. e5 Nfd7 5. f4 c5 6. Nf3 Nc6 7. Be3 cxd4 8. Nxd4 Bc5 9. Qd2 O-O 10. O-O-O Bxd4 {C11: French: Classical System: 4 e5 and 4 Bg5 dxe4} (10... a6 11. Qf2 Qe7 12. Bd3 f6 13. exf6 Nxf6 14. h3 Bb4 15. Qh4 Bxc3 16. bxc3 Qa3+ 17. Kd2 Bd7 18. Nxc6 Bxc6 {1-0 (50) Anand,V (2782)-Bacrot,E (2725) Riadh 2017}) 11. Bxd4 Qa5 12. Kb1 Rb8 13. Be3 b5 14. Ne2 b4 {LiveBook: 3 Games} ({Of course not} 14... Nb4 $6 15. a3 $16) 15. Nd4 Nxd4 16. Bxd4 Ba6 17. Bd3 Rfc8 $146 ({Predecessor:} 17... Bxd3 18. cxd3 {1-0 (35) Klerides,P (2197)-Savva,P (2088) Cyprus 2011}) 18. g4 Nc5 19. f5 ({White should play} 19. b3 $11) 19... Na4 20. Ka1 {[#] aiming for Bxa6.} Bc4 $40 {[%mdl 128] Strongly threatening ...Nc3! Black attacks.} 21. f6 $1 {Threatens to win with Qg5.} Nc5 $1 {[%csl Gc4][%cal Ra5a2,Ba4c5,Bc5e4,Be4c3][%mdl 32]} ({Much worse is} 21... Nc3 $6 22. a3 $11) 22. Bxc4 {Qg5 is the strong threat.} Ne4 23. Qf4 $2 {[%mdl 8192]} (23. Qc1 $1 $11 {and White stays safe.} Rxc4 24. b3) 23... Rxc4 $19 24. fxg7 $2 {[#]} (24. Qe3) 24... Nc3 $1 {[%mdl 512] Precision: White = 21%, Black = 86%.} 0-1

[Event "Brasil Copel Telecom SESC 2018"]
[Site "Caioba Matinhos"]
[Date "2018.08.02"]
[Round "4"]
[White "Perdomo, Leandro"]
[Black "Languidey, Simon Alejandro"]
[Result "1/2-1/2"]
[WhiteElo "2478"]
[BlackElo "2381"]
[Annotator "TA"]
[PlyCount "39"]
[EventDate "2018.08.01"]
[EventType "swiss"]
[EventCountry "BRA"]
[SourceTitle "playchess.com"]
[Source "ChessBase"]
[SourceQuality "1"]

{[%evp 21,39,15,17,5,18,3,6,0,8,0,0,0,12,0,0,-10,0,0,0,0]} 1. d4 d5 2. c4 e6 3. Nc3 Be7 4. Nf3 Nf6 5. Bg5 c6 6. e3 Nbd7 7. Qc2 O-O 8. Rd1 b6 9. Bd3 Bb7 10. cxd5 {D61: Damengambit (Hauptvariante mit 7.Dc2)} cxd5 11. O-O Rc8 {LiveBook: 5 Partien. Die Stellung ist ausgeglichen.} 12. Qb1 (12. Rc1 Ne4 13. Bxe7 Qxe7 14. Qa4 a6 15. Rc2 Nxc3 16. bxc3 Bc6 17. Qb3 b5 {½-½ (30) Rodshtein,M (2680)-Roiz,M (2592) Caleta 2015}) 12... a6 13. a4 h6 14. Bf4 $146 ({Vorgänger:} 14. Bh4 Qc7 15. Qc2 Bd6 16. Qe2 Ra8 17. Rc1 Qb8 {½-½ (41) Ostenstad,B (2446)-Johannessen,L (2527) Asker 2003}) 14... Nb8 15. Bxb8 Rxb8 16. Ne5 Bb4 17. Rc1 Qe7 18. Ne2 Rfc8 19. Rxc8+ Rxc8 20. Rc1 1/2-1/2

[Event "Brasil Copel Telecom SESC 2018"]
[Site "Caioba Matinhos"]
[Date "2018.08.02"]
[Round "4"]
[White "Quintiliano Pinto, Renato R"]
[Black "Almiron, Antonio"]
[Result "1-0"]
[WhiteElo "2436"]
[BlackElo "2351"]
[Annotator "TA"]
[PlyCount "67"]
[EventDate "2018.08.01"]
[EventType "swiss"]
[EventCountry "BRA"]
[SourceTitle "playchess.com"]
[Source "ChessBase"]
[SourceQuality "1"]

{[%evp 23,67,28,21,19,21,29,30,35,42,-25,-25,-35,-16,-31,-19,-44,-24,-29,-32,-33,-26,-37,212,219,283,92,94,89,99,101,175,116,216,209,199,203,538,538,511,527,474,512,539,423,475,468]} 1. Nf3 Nf6 2. c4 e6 3. g3 d5 4. Bg2 Be7 5. O-O O-O 6. b3 c5 7. Bb2 Nc6 8. cxd5 exd5 9. d4 cxd4 10. Nxd4 Re8 11. Nc3 Bc5 12. Nxc6 bxc6 {LiveBook: 4 Games} 13. Qc2 {D34: Tarrasch Defence: 6 g3 Nf6 7 Bg2 Be7} (13. Rc1 Bg4 14. h3 Bh5 15. Qd2 d4 16. Na4 Rxe2 17. Qd3 Bb4 18. Rxc6 Rc8 19. Rxc8 Qxc8 20. g4 Rd2 21. Qb5 Bxg4 22. Qxb4 Rc2 23. hxg4 Qxg4 24. Qxd4 Qc8 25. Rd1 {1-0 (25) Dzagnidze,N (2566)-Gvetadze,S (2321) Rome 2015}) 13... Bb6 14. Na4 Qd6 15. Rac1 {White has an edge.} Bd7 16. Rfd1 $146 {[#]} ({Better is} 16. Nxb6 $14 axb6 17. a4) ({Predecessor:} 16. e3 Ng4 17. h3 Nxe3 18. fxe3 Bxe3+ 19. Kh2 Bxc1 20. Bxc1 Qg6 {1-0 (60) De Bruycker,B (2350)-Morovic Fernandez,I (2380) Valetta 1980}) 16... Bxf2+ $1 $11 {[%mdl 512]} 17. Kxf2 {Strongly threatening Kg1.} Ng4+ $1 18. Kg1 $1 Qh6 {( -> ...Qe3+)} 19. h3 Ne3 20. Qd2 Bxh3 21. Bf3 Bg4 22. Bxg4 {[#] aiming for Bf3.} Qg5 $2 (22... Qd6 $15 {stays ahead.} 23. Qe1 Nxg4) 23. Rf1 $18 {Threatens to win with Rf3.} h5 24. Rf5 $2 (24. Rxc6 $18 {and White stays clearly on top. And now Rf3 would win.} d4 25. Bxd4 Qxg4 26. Rf3) 24... Qxg4 $16 25. Rf3 Nf5 26. Qd3 Re4 (26... g6 $16) 27. Rcf1 (27. Rxf5 $18 Qxf5 28. Nc5 (28. Rxc6 Qh3 $15)) 27... g6 (27... Rae8 $16) 28. Nc5 $18 Re7 29. Bf6 Re4 $2 (29... Rae8 {is more resistant.} 30. Bxe7 Rxe7) 30. Rxf5 {White is clearly winning.} gxf5 31. Nxe4 fxe4 32. Qe3 Re8 33. Bd4 Re6 34. Qf4 {Precision: White = 58%, Black = 47%.} 1-0

[Event "Brasil Copel Telecom SESC 2018"]
[Site "Caioba Matinhos"]
[Date "2018.08.02"]
[Round "4"]
[White "Stamenkovic, Dragan"]
[Black "Di Berardino, Diego Rafael"]
[Result "1/2-1/2"]
[WhiteElo "2383"]
[BlackElo "2528"]
[Annotator "TA"]
[PlyCount "55"]
[EventDate "2018.08.01"]
[EventType "swiss"]
[EventCountry "BRA"]
[SourceTitle "playchess.com"]
[Source "ChessBase"]
[SourceQuality "1"]

{[%evp 16,55,-32,-30,-37,-25,-20,-83,-66,-91,-88,-90,-86,-86,-86,-79,-93,-103,-102,-124,-52,-52,-48,-54,-39,-39,-50,-58,-68,-58,-29,-29,-29,-32,-16,-23,-23,-23,-24,-24,-24,-24]} 1. d4 Nf6 2. Bg5 d5 3. e3 c5 4. c3 Nc6 5. Nf3 Qb6 6. Qb3 {D02: 1 d4 d5 2 Nf3 sidelines, including 2...Nf6 3 g3 and 2...Nf6 3 Bf4} c4 7. Qc2 Bf5 8. Qc1 Ne4 9. Bf4 {LiveBook: 17 Games} f6 {aiming for ...g5.} 10. h4 $146 {[#]} ({Predecessor:} 10. h3 e5 11. Bh2 Bd6 12. Nbd2 exd4 13. Nxe4 Bxh2 14. Nxd4 Nxd4 15. Rxh2 {½-½ (56) Aikhoje,O (2274)-Mekhitarian,K (2570) Arlington 2015}) 10... e5 $1 {[%mdl 512]} 11. Bh2 (11. dxe5 $11 fxe5 12. Nxe5) 11... Bd6 12. Nbd2 exd4 {Strongly threatening ...Bxh2.} 13. Nxe4 Bxh2 ({Much worse is} 13... dxe4 14. Nxd4 Nxd4 15. Bxd6 $11) 14. Rxh2 Bxe4 15. Nxd4 Nxd4 16. exd4 O-O 17. Qd2 h6 (17... Rfe8 $17 18. O-O-O h6) 18. f3 $15 Qd6 19. Rh1 Bg6 {...Qg3+ is the strong threat.} 20. Kf2 b5 21. g3 a5 22. a3 Bf5 (22... b4 $5) 23. Bh3 Bxh3 24. Rxh3 f5 25. Qf4 Qxf4 {Black has an edge.} 26. gxf4 {[#]} b4 $1 {[%mdl 512]} 27. axb4 axb4 28. Rhh1 {Precision: White = 74%, Black = 66%.} 1/2-1/2

[Event "Brasil Copel Telecom SESC 2018"]
[Site "Caioba Matinhos"]
[Date "2018.08.02"]
[Round "4"]
[White "Brito, Luismar"]
[Black "Cubas, Jose Fernando"]
[Result "0-1"]
[WhiteElo "2356"]
[BlackElo "2489"]
[Annotator "RC"]
[PlyCount "73"]
[EventDate "2018.08.01"]
[EventType "swiss"]
[EventCountry "BRA"]
[SourceTitle "playchess.com"]
[Source "ChessBase"]
[SourceQuality "1"]
[TimeControl "5400+30"]

1. b3 {[%emt 0:00:00]} Nf6 {[%emt 0:03:17]} 2. Bb2 {[%emt 0:00:01]} d5 {[%emt 0:01:40]} 3. e3 {[%emt 0:00:24]} g6 {[%emt 0:01:29]} 4. f4 {[%emt 0:00:15]} Bg7 {[%emt 0:00:09]} 5. Nf3 {[%emt 0:00:05]} O-O {[%emt 0:00:14]} 6. Bd3 {[%emt 0:00:26]} c5 {[%emt 0:01:01]} 7. O-O {[%emt 0:00:36]} Nc6 {[%emt 0:00:08]} 8. Nc3 {[%emt 0:02:54]} a6 {[%emt 0:01:24]} 9. Qe1 {[%emt 0:02:54]} b5 {[%emt 0:08:42]} 10. Qh4 {[%emt 0:02:01]} c4 {[%emt 0:01:15]} 11. Be2 {[%emt 0:01:17]} d4 {[%emt 0:09:03]} 12. exd4 {[%emt 0:03:35]} Nxd4 {[%emt 0:00:16]} 13. Bd1 {[%emt 0:04:18]} Bb7 {[%emt 0:06:20]} 14. Qe1 {[%emt 0:04:15]} Bxf3 {[%emt 0:03:01]} 15. Bxf3 {[%emt 0:00:26]} Nxc2 {[%emt 0:00:15]} 16. Qe2 {[%emt 0:02:37]} Nxa1 {[%emt 0:02:18]} 17. Bxa8 {[%emt 0:00:52]} Nxb3 {[%emt 0:00:51]} 18. axb3 {[%emt 0:00:24]} Qb6+ {[%emt 0:00:08]} 19. Kh1 {[%emt 0:00:41]} Rxa8 {[%emt 0:00:06]} 20. bxc4 {[%emt 0:00:29]} bxc4 {[%emt 0:02:08]} 21. Ba3 {[%emt 0:00:36]} Rc8 {[%emt 0:09:26]} 22. Rb1 {[%emt 0:01:55]} Qd4 {[%emt 0:02:37]} 23. Bxe7 {[%emt 0:01:35]} Nh5 {[%emt 0:05:55]} 24. g3 {[%emt 0:05:20]} Qd7 {[%emt 0:08:24]} 25. Ba3 {[%emt 0:03:29]} Re8 {[%emt 0:02:10]} 26. Qxc4 {[%emt 0:02:27]} Qxd2 {[%emt 0:01:35]} 27. Ne4 {[%emt 0:00:11]} Qe3 {[%emt 0:05:15]} 28. Ng5 {[%emt 0:01:33]} Qa7 {[%emt 0:00:36]} 29. Qc6 {[%emt 0:04:10]} Rd8 {[%emt 0:01:02]} 30. Bc5 {[%emt 0:00:41]} Qa8 {[%emt 0:00:11]} 31. Rb7 {[%emt 0:00:51]} Rc8 {[%emt 0:04:01]} 32. Qd5 {[%emt 0:13:21]} Rxc5 {[%emt 0:00:29]} 33. Qxf7+ {[%emt 0:00:04]} Kh8 {[%emt 0:00:05]} 34. Qb3 {[%emt 0:04:20]} h6 {[%emt 0:01:42]} 35. Kg1 {[%emt 0:01:06]} Rb5 {[%emt 0:02:52]} 36. Rxb5 {[%emt 0:02:18]} axb5 {[%emt 0:02:14]} 37. Qf7 {[%emt 0:00:13]} 0-1

[Event "Brasil Copel Telecom SESC 2018"]
[Site "Caioba Matinhos"]
[Date "2018.08.02"]
[Round "4"]
[White "Gauche, Charles"]
[Black "Martins, Carlos"]
[Result "0-1"]
[WhiteElo "2248"]
[BlackElo "2258"]
[Annotator "RC"]
[PlyCount "53"]
[EventDate "2018.08.01"]
[EventType "swiss"]
[EventCountry "BRA"]
[SourceTitle "playchess.com"]
[Source "ChessBase"]
[SourceQuality "1"]
[TimeControl "5400+30"]

1. Nf3 {[%emt 0:00:00]} f5 {[%emt 0:02:09]} 2. e4 {[%emt 0:00:31]} fxe4 {[%emt 0:00:06]} 3. Ng5 {[%emt 0:00:03]} d5 {[%emt 0:00:08]} 4. d3 {[%emt 0:00:06]} Qd6 {[%emt 0:00:03]} 5. dxe4 {[%emt 0:03:34]} h6 {[%emt 0:01:59]} 6. Nf3 {[%emt 0:02:30]} dxe4 {[%emt 0:00:11]} 7. Nd4 {[%emt 0:00:06]} a6 {[%emt 0:06:38]} 8. Bc4 {[%emt 0:07:07]} Nf6 {[%emt 0:01:43]} 9. Nc3 {[%emt 0:03:13]} Bg4 {[%emt 0:09:03]} 10. Be2 {[%emt 0:04:18]} Bxe2 {[%emt 0:06:31]} 11. Ndxe2 {[%emt 0:00:26]} Nc6 {[%emt 0:04:08]} 12. Ng3 {[%emt 0:02:37]} O-O-O {[%emt 0:01:42]} 13. Be3 {[%emt 0:04:43]} Qb4 {[%emt 0:04:53]} 14. Qc1 {[%emt 0:00:32]} Qc4 {[%emt 0:00:22]} 15. Nge2 {[%emt 0:01:29]} e5 {[%emt 0:01:13]} 16. b3 {[%emt 0:02:20]} Qe6 {[%emt 0:01:54]} 17. O-O {[%emt 0:02:37]} Nd4 {[%emt 0:02:08]} 18. Kh1 {[%emt 0:05:45]} Bb4 {[%emt 0:05:06]} 19. a3 {[%emt 0:01:57]} Bxc3 {[%emt 0:02:12]} 20. Nxc3 {[%emt 0:00:13]} Qc6 {[%emt 0:00:48]} 21. Qb2 {[%emt 0:00:09]} Rhf8 {[%emt 0:04:10]} 22. Rae1 {[%emt 0:04:15]} Ng4 {[%emt 0:08:04]} 23. Bxd4 {[%emt 0:03:29]} Rxd4 {[%emt 0:03:24]} 24. Re2 {[%emt 0:01:22]} e3 {[%emt 0:03:23]} 25. f3 {[%emt 0:00:37]} Nf2+ {[%emt 0:01:16]} 26. Kg1 {[%emt 0:00:20]} Rxf3 {[%emt 0:07:12]} 27. Ree1 {[%emt 0:00:14]} 0-1

[Event "Brasil Copel Telecom SESC 2018"]
[Site "Caioba Matinhos"]
[Date "2018.08.03"]
[Round "5"]
[White "Granda Zuniga, Julio E"]
[Black "Stamenkovic, Dragan"]
[Result "1-0"]
[WhiteElo "2631"]
[BlackElo "2383"]
[Annotator "TA"]
[PlyCount "145"]
[EventDate "2018.08.01"]
[EventType "swiss"]
[EventCountry "BRA"]
[SourceTitle "playchess.com"]
[Source "ChessBase"]
[SourceQuality "1"]

{[%evp 16,145,7,0,0,-52,-54,-44,-41,-101,-55,-75,-51,-51,-16,-52,-31,-60,-52,-52,-50,-76,-85,-106,-100,-109,-109,-104,-106,-107,-117,-116,-118,-114,-106,-106,-101,-127,-41,-44,-33,-39,-42,-61,-42,-50,-34,-82,-87,-71,-54,-52,-58,-45,-31,-40,-31,-41,-29,-50,-40,-22,0,0,0,0,0,0,0,0,0,0,72,56,61,0,16,0,0,0,0,0,0,0,8,0,0,0,0,0,0,-124,-130,-128,-127,-111,-40,-31,-32,-31,-38,-31,0,0,0,0,0,0,0,0,0,16,16,0,0,0,0,0,0,0,0,0,0,0,0,0,120,127,7804,6931,6428,5755]} 1. d4 d5 2. Nf3 Nf6 3. g3 c6 4. Bg2 Bf5 5. O-O h6 6. b3 e6 7. Bb2 Nbd7 8. c4 {D02: 1 d4 d5 2 Nf3 sidelines, including 2...Nf6 3 g3 and 2...Nf6 3 Bf4} Be7 9. Nfd2 {LiveBook: 3 Games} b5 $146 ({Predecessor:} 9... O-O 10. Nc3 a5 11. e3 Qb6 12. Qe2 Rfe8 13. Rfc1 Rad8 14. a3 Bf8 15. Qf1 Bg6 16. h3 Qa7 17. b4 axb4 18. axb4 {1-0 (123) Nakamura,H (2769)-Caruana,F (2816) Paris 2018}) 10. Na3 ({Better is} 10. c5 $11) 10... bxc4 $15 11. bxc4 Rb8 12. Nb3 (12. Qc1 $15) 12... a5 13. Qc1 a4 14. Nd2 $1 Bb4 15. Rd1 Qa5 16. Ndb1 O-O $36 {[%mdl 2048] White is under pressure.} 17. Nc2 Be7 (17... dxc4 18. Nxb4 Rxb4 19. Bc3 $18) 18. Bc3 Qa6 19. Nd2 Rfc8 (19... dxc4 $6 20. e4 $11) 20. Ne3 Bh7 21. c5 Qxe2 22. Bf1 Qh5 23. Re1 Ng4 24. Nxg4 Qxg4 25. Be2 Qf5 26. Bd1 Nf6 (26... Bf6 $17 27. Nf1 Qd3) 27. Bxa4 h5 28. Bd1 {[#]} h4 $1 {[%mdl 512]} 29. Bf3 (29. gxh4 Ng4) 29... hxg3 30. hxg3 g5 {[%cal Bg7g5,Bg5g4][%mdl 32]} 31. Re5 Qg6 32. a4 g4 33. Bg2 $1 Nd7 34. Re1 Bg5 35. Qd1 Qh5 36. a5 Ra8 37. Nf1 Nf6 38. Bd2 Be4 {White must now prevent ...Bxg2.} 39. Bxg5 Qxg5 40. Nd2 {[%cal Rg2e4]} Bf5 41. Re3 Kg7 42. Qe2 Rh8 43. a6 Ra7 (43... Qh5 $11) 44. Rb3 $1 $16 Qh6 45. Rb7 (45. Qe3 $14) 45... Qh2+ $1 $11 ({But not} 45... Rxb7 $6 46. axb7 Qh2+ 47. Kf1 $16) 46. Kf1 Qh7 47. Ra3 Rxb7 48. axb7 {And now Qe5 would win.} Rb8 $1 {[%cal Rb8b7]} 49. Qa6 $1 {[%cal Ra6c6]} Ne4 50. Bxe4 Bxe4 51. Ke2 Bf3+ 52. Ke3 Qc2 {...e5! is the strong threat.} 53. Qd3 ({Don't go for} 53. Qxc6 $2 Qc1 $19) (53. Rb3 $11) 53... Qc1 $1 $17 54. Rb3 Qe1+ 55. Kf4 {[#]} Bd1 (55... e5+ $1 $17 56. Kf5 (56. dxe5 $2 Bd1 $19) 56... Bd1) 56. Qe3 $15 Qxe3+ 57. Rxe3 Rxb7 {[%mdl 4096] Endgame Strongly threatening ...Rb2. KRB-KRN} 58. Re1 Bc2 {Threatens to win with ...Rb2.} 59. Ke5 Rb2 60. Nf1 {White wants to play Re2.} Ba4 61. Ne3 Rxf2 62. Nxg4 Rd2 63. Nf6 Kg6 64. Ne8 Bb5 65. Nc7 Ba4 66. Rb1 f6+ 67. Kd6 {Hoping for Rb4.} e5 68. dxe5 fxe5 69. Kxe5 Re2+ 70. Kd6 d4 {[#]} (70... Bc2 $11 71. Rf1 Ba4) 71. Rb4 $1 $16 {[%cal Rb4a4]} d3 $2 {[%mdl 8192]} (71... Bc2 $16) 72. Rxa4 $18 d2 73. Rd4 {Precision: White = 63%, Black = 62%.} 1-0